Sharpen your vocabulary (Record no. 572594)

MARC details
000 -LEADER
fixed length control field 00335nam a22001457a 4500
008 - FIXED-LENGTH DATA ELEMENTS--GENERAL INFORMATION
fixed length control field 250617b |||||||| |||| 00| 0 eng d
020 ## - INTERNATIONAL STANDARD BOOK NUMBER
ISBN 9788130405186
Paper back/Hardbound PBK
041 ## - LANGUAGE CODE
Language code of text/sound track or separate title ENG
082 ## - DEWEY DECIMAL CLASSIFICATION NUMBER
Classification number 428.1
Item number HAR
100 ## - MAIN ENTRY--AUTHOR NAME
Personal name Harish Lalita
245 ## - TITLE STATEMENT
Title Sharpen your vocabulary
300 ## - PHYSICAL DESCRIPTION
Number of Pages 160
942 ## - ADDED ENTRY ELEMENTS (KOHA)
Koha item type English Books
Holdings
Withdrawn status Lost status Damaged status Not for loan Home library Current library Shelving location Date acquired Full call number Accession Number Price effective from Koha item type
        Anna Centenary Library Anna Centenary Library CHILDREN SECTION-1ST FLOOR, B WING 26.09.2010 428.1 HAR 228376 17.06.2025 English Books

Find us on the map